000 00691nam a2200217Ia 4500
001 7808
003 GE_BSU
008 181216s||||||||xx |||||||||||||| ||und||
040 _cGE_BSU
080 _a621.316(075.8)
100 _aКостенко,М.П. Пиотровский,Л.М.
245 _aЭлектрические машины.Ч.1. Машины постоянного тока трансформаторы.
245 _bУчеб. пособие.
245 _cРед. А.С.Уссер.
260 _aМ.-Л.
260 _bГосэнергоиздат.
260 _c1958.
300 _a464стр.22см.
653 _aЭлектрические машины.
942 _cBK
999 _c41158
_d41158